| 000 | 00809cab a2200253 4500 | ||
|---|---|---|---|
| 001 | ABS48914 | ||
| 008 | 090401t xxu||||| |||| 00| 0 eng d | ||
| 035 | _a(Sirsi) u69119 | ||
| 041 | _aeng | ||
| 245 | _aRoofing | ||
| 300 | _aLOAN | ||
| 350 | _a0 | ||
| 490 |
_aArchitects` Journal _vFocus |
||
| 520 | _aReviews developments in traditional roofing materials with a survey of manufacturers and products. It contains a feature on the tented, `skylon` roof of the Channel Tunnel Terminal and a summary of roofing costs. | ||
| 650 | _aCANOPIES | ||
| 650 | _aCOPPER | ||
| 650 | _aLEAD | ||
| 650 | _aBUILT ENVIRONMENT-BUILDING ELEMENTS-COMPLETE BUILDING ELEMENTS-ROOFS | ||
| 650 | _aSLATES | ||
| 650 | _aTILES | ||
| 690 | _aBUILT ENVIRONMENT-CONSTRUCTION DESIGN | ||
| 942 | _n0 | ||
| 948 | _c04/03/1997 | ||
| 999 |
_c43418 _d43418 |
||